| 000 | 00732nam a2200241 a 4500 | ||
|---|---|---|---|
| 001 | BRCA_1944 | ||
| 005 | 20190320203617.0 | ||
| 008 | 780308s1980 gw-#---##d---#000-0#ger-d | ||
| 020 | _a3125174007 | ||
| 040 |
_aDLC _cDLC _dDLC |
||
| 041 | _agerspa | ||
| 050 | 4 |
_aPC4645 _b.H34 1980 |
|
| 100 | 1 |
_aHaensch, Günther _95974 |
|
| 245 | 1 | 0 |
_aPons Kompaktwörterbuch _cGünther Haensch und José María Domínguez. |
| 260 |
_aStuttgart _bKlett _c1980 |
||
| 300 |
_a684 p. _c17 cm. |
||
| 505 | 0 | _aContenido : Deutsch-Spanisch. -- Spanisch-Deutsch | |
| 650 | 1 | 4 |
_aEspañol _vDiccionarios _xAlemán _95975 |
| 650 | 1 | 4 |
_aAlemán _vDiccionarios _xEspañol _95976 |
| 700 | 1 |
_aDomínguez, José María _95977 |
|
| 902 | _aREF | ||
| 942 |
_2lcc _cB |
||
| 999 |
_c1714 _d1714 |
||